| 000 | 00515nam a2200169Ia 4500 | ||
|---|---|---|---|
| 003 | LK-CoDNM | ||
| 008 | 140723t2021 xxu||||| |||| 00| 1 sin d | ||
| 020 |
_a _a9786249708617 |
||
| 040 |
_aLK-CoDNM _dLK-CoDNM _eLK-CoDNM |
||
| 041 | _asin | ||
| 080 |
_a294.3 _bWIM |
||
| 100 |
_aවිමලජෝති හිමි, ගෝනදෙනිය _vWimalajothi Himi,Gonadeniye |
||
| 245 | _aනිවන් දැකීම | ||
| 246 | _aNiwan Dekeema | ||
| 260 |
_bWimansa Publisher _aKiriwanthuduwa _c2021 |
||
| 942 | _cBK | ||
| 999 |
_c80476 _d80476 |
||